Luca BASSO, Agire in comune. Antropologia e politica nell’ultimo Marx, Sindbad, Ombre Corte, 249 pages (notice n° 2210842)

détails MARC
000 -LEADER
fixed length control field 01542cam a2200157 4500500
005 - DATE AND TIME OF LATEST TRANSACTION
control field 20260412000656.0
041 ## - LANGUAGE CODE
Language code of text/sound track or separate title fre
042 ## - AUTHENTICATION CODE
Authentication code dc
100 10 - MAIN ENTRY--PERSONAL NAME
Personal name Eychart, Baptiste
Relator term author
245 00 - TITLE STATEMENT
Title Luca BASSO, Agire in comune. Antropologia e politica nell’ultimo Marx, Sindbad, Ombre Corte, 249 pages
260 ## - PUBLICATION, DISTRIBUTION, ETC.
Date of publication, distribution, etc. 2016.<br/>
500 ## - GENERAL NOTE
General note 37
520 ## - SUMMARY, ETC.
Summary, etc. Marxism and Sociology: the Points of Encounter In this interview Frédéric Lebaron reflects on his relation to Marx and to Marxist traditions, in particular regarding the governing orientation of his research project. The interview goes on to examine the relations and confrontations which exist between various Marxisms and sociological approaches, with specific reference to the question of the “Marxo-Weberian” paradigm. A number of recent works in the field of sociology are also discussed, notably those by Julian Mischi on French communism. More generally, F. Lebaron reappraises the question of the possible meeting-points between various readings of Marx and certain approaches drawing on the project of Pierre Bourdieu, despite the divergence that exists between them on certain essential points, in terms of their epistemological presuppositions. F. Lebaron therefore highlights the convergence between traditions which do indeed differ, but whose complementarity appears to him fruitful.
786 0# - DATA SOURCE ENTRY
Note Actuel Marx | 60 | 2 | 2016-09-23 | p. 182c-183c | 0994-4524
856 41 - ELECTRONIC LOCATION AND ACCESS
Uniform Resource Identifier <a href="https://shs.cairn.info/revue-actuel-marx-2016-2-page-182c?lang=fr&redirect-ssocas=7080">https://shs.cairn.info/revue-actuel-marx-2016-2-page-182c?lang=fr&redirect-ssocas=7080</a>

Pas d'exemplaire disponible.

PLUDOC

PLUDOC est la plateforme unique et centralisée de gestion des bibliothèques physiques et numériques de Guinée administré par le CEDUST. Elle est la plus grande base de données de ressources documentaires pour les Étudiants, Enseignants chercheurs et Chercheurs de Guinée.

Adresse

627 919 101/664 919 101

25 boulevard du commerce
Kaloum, Conakry, Guinée

Réseaux sociaux

Powered by Netsen Group @ 2025